| 000 -ლიდერი |
| ფიქსირებული სიგრძის საკონტროლო ველი |
01252nam a2200265Ia 4500 |
| 001 - საკონტროლო ნომერი |
| საკონტროლო ველი |
22960 |
| 003 - საკონტროლო ნომრის იდენტიფიკატორი |
| საკონტროლო ველი |
GE_BSU |
| 005 - ბოლო ოპერაციის თარიღი და დრო |
| საკონტროლო ველი |
20230613124559.0 |
| 008 - ფიქსირებული სიგრძის მონაცემთა ელემენტები - ზოგადი ინფორმაცია |
| ფიქსირებული სიგრძის საკონტროლო ველი |
181216s2003||||ge |||||||||||||| ||geo|| |
| 020 ## - წიგნის საერთაშორისო სტანდარტული ნომერი |
| International Standard Book Number |
999407086X |
| 040 ## - კატალოგიზაციის წყარო |
| Transcribing agency |
GE_BSU |
| 041 ## - ენის კოდი |
| Language code of text/sound track or separate title |
geo |
| 080 ## - უნივერსალური ათობითი კლასიფიკაციის ინდექსი |
| Universal Decimal Classification number |
821.353.1.09-1 ბ-65 |
| 100 ## - მთავარი ჩანაწერი - პიროვნების სახელი |
| Personal name |
ბიბილეიშვილი, იური |
| 9 (RLIN) |
800 |
| 245 ## - ცნობა სათაურის შესახებ |
| Title |
სული უკვდავი : |
| Remainder of title |
აჭარაში მოღვაწე მწერალთა შემოქმედება. წ. 1 / |
| Statement of responsibility, etc |
იური ბიბილეიშვილი ; რედ. რევაზ მიშველაძე. |
| 264 ## - წარმოების, გამოცემის, დისტრიბუციის და სხვა ცნობები |
| გამოცემის, წარმოების, დისტრიბუციის... ადგილი |
ბათუმი : |
| გამოცემის, წარმოების, დისტრიბუციის... სახელწოდება |
გამ-ბა აჭარა, |
| გამოცემის, წარმოების, დისტრიბუციის... თარიღი |
2003. |
| 300 ## - ფიზიკური აღწერა |
| Extent |
372 გვ. ; |
| Dimensions |
22 სმ. |
| 653 ## - INDEX TERM--UNCONTROLLED |
| Uncontrolled term |
სული უკვდავი |
| 653 ## - INDEX TERM--UNCONTROLLED |
| Uncontrolled term |
აჭარაში მოღვაწე მწერალთა შემოქმედება. წ. 1 |
| 653 ## - INDEX TERM--UNCONTROLLED |
| Uncontrolled term |
ქართველი მწერლები |
| 653 ## - INDEX TERM--UNCONTROLLED |
| Uncontrolled term |
ქართული პოეზიის ისტორია და კრიტიკა |
| 700 ## - ADDED ENTRY--PERSONAL NAME |
| Personal name |
მიშველაძე, რევაზ |
| Relator term |
რედაქტორი |
| 9 (RLIN) |
3537 |
| 942 ## - ADDED ENTRY ELEMENTS (KOHA) |
| Koha item type |
წიგნი |
| Source of classification or shelving scheme |
|